Ekrem İmamoğlu (Record no. 7598)

MARC details
000 -BAŞLIK
Sabit Uzunlukta Kontrol Alanı 01320na a2200349 4500
001 - KONTROL NUMARASI
Denetim Alanı 18142
003 - KONTROL NUMARASI IDENTIFIER
Denetim Alanı MIRAKIL
005 - SON İŞLEM TARİHİ VE ZAMANI
Denetim Alanı 20181213155144.0
008 - SABİT-BOY VERİ ELEMANLARI - GENEL BİLGİLER
Sabit Uzunlukta Kontrol Alanı 161112b tu 000 0
020 ## - ULUSLARARASI STANDART KİTAP NUMARASI
Uluslararası Standart Kitap Numarası 99786059905152
035 ## - SİSTEM KONTROL NUMARASI
Sistem Kontrol Numarası 18142
040 ## - KATALOGLAMA KAYNAK
Orijinal Kataloglama Ajansı Milas
Kataloglama Dili tur
Metne Dönüştürmek Ajansı TR-AnCHP
041 ## - DİL KODU
Metin / Ses Parça Veya Ayrı Başlığın Dil Kodu tur
082 ## - DEWEY ONLU SINIFLANDIRMA NUMARASI
Sınıflandırma Numarası CHP 923.2 İmamoğlu, E.
Ürün Numarası K44e 2016
090 ## - SINIFLAMA NUMARASI
Sınıflama Numarası CHP 923.2 İmamoğlu,E. K44e 2016
100 ## - ANA GİRİŞ - KİŞİSEL İSİM
Kişisel Ad Kılıç, Ş. Emine
245 ## - BAŞLIK TABLOSU
Başlık Ekrem İmamoğlu
Başlığın Kalan Benim sevgili başkanım
-- Sıradışı bir başarı ve liderlik öyküsü
Sorumluluk Tablosu, Vb Ş. Mine Kılıç
246 ## - UNVAN FORM VARYING
Başlık Doğru / Kısa Başlığı Sıradışı bir başarı ve liderlik öyküsü
246 ## - UNVAN FORM VARYING
Başlık Doğru / Kısa Başlığı Benim sevgili başkanım
260 ## - YAYIN, DAĞITIM, VB
Yayın, Dağıtım, Vb Yeri İstanbul
Yayıncı, Dağıtıcı, Vs Adı Hümanist Kitap
Yayın, Dağıtım, Vb Tarihi 20016
300 ## - FİZİKSEL TANIM
Kapsam 206 s.
Diğer Fiziksel Ayrıntıları rnkl. fotg.
Boyutlar 22 sm.
500 ## - GENEL NOT
Genel Not Yapıt yazaından imzalıdır.
600 ## - KONU KATMA GİRİŞ - KURUMSAL ADI
Kişisel Ad İmamoğlu, Ekrem
Başlıklar Ve Bir Adla İlişkili Diğer Kelimeler CHP Beylikdüzü Belediye Başkanı
Genel Alt Bölümü Siyasal ve sosyal görüşler
Kronolojik Alt Bölümü Yaşamöyküsü
600 ## - KONU KATMA GİRİŞ - KURUMSAL ADI
Kişisel Ad İmamoğlu, Ekrem
Başlıklar Ve Bir Adla İlişkili Diğer Kelimeler CHP Beylikdüzü Belediye Başkanı
Genel Alt Bölümü Liderlik
610 ## - KONU KATMA GİRİŞ - TOPLANTI ADI
Giriş Elemanı Olarak Kurumsal Ad Veya Yargı Alanı Adı CHP
Genel Alt Bölüm Belediye başkanları
Kronolojik Alt Bölüm Liderlik
610 ## - KONU KATMA GİRİŞ - TOPLANTI ADI
Giriş Elemanı Olarak Kurumsal Ad Veya Yargı Alanı Adı CHP
Genel Alt Bölüm Yerel yönetimler
Kronolojik Alt Bölüm Beylikdüzü Belediyesi
650 ## - KONU KATMA GİRİŞ - TOPİKAL DÖNEM
Topikal Süreli Veya Coğrafi Ad Giriş Elemanı Yerel yönetimler
Coğrafi Alt Bölümü Türkiye
700 ## - KATMA GİRİŞ - KİŞİSEL İSİM
Kişisel Ad Kılıç, Ş. Mine
740 ## - KATMA GİRİŞ - KONTROLSUZ İLGİLİ / ANALİTİK BAŞLIK
Kontrol Edilmeyen / İlgili Analitik Başlıktaki Sıradışı bir başarı ve liderlik öyküsü
740 ## - KATMA GİRİŞ - KONTROLSUZ İLGİLİ / ANALİTİK BAŞLIK
Kontrol Edilmeyen / İlgili Analitik Başlıktaki Benim sevgili başkanım
942 ## - EKLENDİ GİRİŞ ELEMANLARI (KOHA)
Sınıflandırma Veya Raf Düzeni Kaynak Dewey Decimal Classification
Koha Öğesi Türü Books
999 ## - SİSTEM KONTROL NUMARALARI (KOHA)
Koha Biblionumber 7598
Koha Biblioitemnumber 7598
Holdings
Kalıcı Konum Mevcut Konum Edinme Tarihi Edinim Kaynak Toplam Check-Out'Lar Tam Çağrı Numarası Barkod Tarih Son Görülme İtibaren Geçerli Fiyatlar Koha Öğesi Türü
CHP Kütüphanesi CHP Kütüphanesi 11/12/2016 Bağış   CHP 923.2 İmamoğlu,E. K44e 2016 009419 11/12/2016 11/12/2016 Books